The effect of organic fertilizers on chilli pepper (capsicum annuum) tield on crop research station of the royal university of agriculture ឥទ្ធិពលជីសរីរាង្គទៅលើទិន្នផលនៃដំណាំម្ទេសដៃនាងនៅស្ថាសនីយ៍ពិសោធន៍ដំណាំសាលកវិទ្យាល័យភូមិន្ទកសិកម្ម (Record no. 630)

000 -LEADER
fixed length control field 00783nam a22001577a 4500
003 - CONTROL NUMBER IDENTIFIER
control field OSt
005 - DATE AND TIME OF LATEST TRANSACTION
control field 20150917105319.0
008 - FIXED-LENGTH DATA ELEMENTS--GENERAL INFORMATION
fixed length control field 150917b xxu||||| |||| 00| 0 eng d
040 ## - CATALOGING SOURCE
Transcribing agency RUA
082 ## - DEWEY DECIMAL CLASSIFICATION NUMBER
Classification number AGR SOK 2005 B031 Or.1
100 ## - MAIN ENTRY--PERSONAL NAME
9 (RLIN) 655
Personal name SOK, SEREYRATH.
245 ## - TITLE STATEMENT
Title The effect of organic fertilizers on chilli pepper (capsicum annuum) tield on crop research station of the royal university of agriculture ឥទ្ធិពលជីសរីរាង្គទៅលើទិន្នផលនៃដំណាំម្ទេសដៃនាងនៅស្ថាសនីយ៍ពិសោធន៍ដំណាំសាលកវិទ្យាល័យភូមិន្ទកសិកម្ម
260 ## - PUBLICATION, DISTRIBUTION, ETC. (IMPRINT)
Place of publication, distribution, etc. Phnom Penh
Name of publisher, distributor, etc. RUA
Date of publication, distribution, etc. 2005
300 ## - PHYSICAL DESCRIPTION
Extent 50p.
Other physical details ill.
Dimensions 29cm.
942 ## - ADDED ENTRY ELEMENTS (KOHA)
Source of classification or shelving scheme
Koha item type AGR
Holdings
Price effective from Date last seen Permanent Location Not for loan Date acquired Source of classification or shelving scheme Koha item type Lost status Withdrawn status Total Renewals Date last checked out Total Checkouts Shelving location Damaged status Barcode Current Location Full call number
2015-09-172025-01-08Library Block B 2015-09-17 AGR   2024-12-248B031 RUA001390Library Block BAGR SOK 2005 B031 Or.1
2015-09-172020-02-28Library Block B 2015-09-17 AGR  12020-01-279B031 RUA001174Library Block BAGR SOK 2005 B031 Or.2
2015-09-172021-01-12Library Block B 2015-09-17 AGR   2021-01-082B031 RUA001246Library Block BAGR SOK 2005 B031 Or.1
មជ្ឈមណ្ឌលឯការនៃសាកលវិទ្យាល័យភូមិន្ទកសិកម្មចំការដូង

Powered by Koha